000 00705nam a2200217 a 4500
001 000010427
005 20210311001149.0
008 091007t1992 xxc 000 p fre d
040 _aDO-SdBNP
_bspa
_cBNPHU
082 _aRD861.44
_bJ82t
100 1 _aJorge Morel, Eucilda
_925433
245 1 0 _aEt tombe la neige... /
_cEucilda Jorge Morel ; presentación Rénald Blouin.
260 _aMontréal :
_bThe Green Unicorn,
_c1992.
300 _a86 p. ;
_c21 cm.
500 _aTexto en francés.
590 _aInventariado, 2018/LP
650 0 _aPoesía dominicana
_966
650 4 _aLiteratura diminicana
_925434
700 1 _aBlouin, Rénald,
_epról.
_925435
910 _aValidado. Control de calidad EMS.
999 _c10186
_d10186